000 01796cam a22003974i 4500
003 PE-LiUPU
005 20250731184545.0
008 150625s r 000 0 d
035 _a(Sirsi) a31058
040 _aPE-LiUPU
_bspa
_cPE-LiUPU
_erda
082 0 4 _a909
_bIb1
_221
100 1 _aIbarra y Rodriguez, Eduardo, dr.,
_eautor.
245 1 0 _aHistoria del mundo en la edad moderna; la restauracion .
_n9.
264 1 _aBarcelona :
_bRamón Sopena,
_c1952.
336 _atext
_2rdacontent
337 _aunmediated
_2rdamedia
338 _avolume
_2rdacarrier
505 0 _aLos congresos. - Los doctrinarios. - La reacción y la revolución en Francia. - Italia. - El papado y la iglesia Católica. - Grecia y la península Balcánica. - España. - El Brasil y Portugal. - La confederación Germánica. - La literatura en Alemania. - Rusia. - Polonia y la revolución Polaca. - La monatrquía de Orleans. - Los países bajos. - Mehemet Alt. - La gran Bretaña. - La emancipación de los católicos. - La gran Bretaña e Irlanda. - El Canadá. - Revolución: Poesías y novelas Inglesas. - Cambio económico. - Los economistas británicos.
526 _aP136
526 _aP135
526 _aP134
526 _aP133
526 _aP144
526 _aP143
526 _aP87
526 _aP35
526 _aP20
526 _aP14
526 _aP10
526 _aP06
942 _2ddc
_cBOOK
949 _a909 Ib1 9
_wDEWEY
_c1
_i03766
_lCCODEBUL1
_mBUL
_p00.00
_r0
_sY
_tBOOK
_u2015-06-25
_xBIBLIOTECA
_zUNKNOWN
_0COMPRA
_o.STAFF. Colección General
596 _a1
999 _a909 IB1 9
_wDEWEY
_c38570
_i03766
_f2021-11-8
_g5
_lCCODEBUL1
_mBUL
_r0
_sY
_tBOOK
_u2015-6-25
_xBIBLIOTECA
_zUNKNOWN
_0COMPRA
_o.STAFF. Colección General
_d38570
980 _81
_gALBERTO SANCHEZ Responsable de Automatización